| 000 | 01327nam a2200265 4500 | ||
|---|---|---|---|
| 001 | 6122 | ||
| 010 | _a9789720707444 | ||
| 021 | _b449155/18 | ||
| 090 | _a6122 | ||
| 100 | _a20260122d2019 cd|y0pory50030103ba | ||
| 200 | 1 |
_aUma história por noite _fClara Cunha _gil. Natalina Cóias |
|
| 205 | _a1ªed | ||
| 210 | 9 |
_aPorto _cPorto Editora _d2019 |
|
| 215 |
_a98 p. _cil. _d19 cm |
||
| 330 | _a"(...) Visto um alguidar, e nas pernas enfio uma janela, calço com jeito uma cadeira em cada pé e estico-as até aos joelhos. Depois calço os foguetões, coloco uma bicicleta na cabeça, e estou pronta para um dia cheio de ação." Uma história por noite é um livro de aventuras, de sorrisos marotos, de sustos, de viagens fascinantes, que desenvolve a imaginação e a criatividade, desperta o interesse pelas palavras e promove o gosto pela leitura. Um livro para todos os que acreditam que as palavras são brincadeiras. | ||
| 606 |
_914 _aLiteratura infantil |
||
| 606 |
_915 _aLiteratura Portuguesa |
||
| 675 |
_a82-93 _vBN _zpor |
||
| 675 |
_a821.134.3 _vBN _zpor |
||
| 700 |
_aCunha _bClara _f1971- _957 |
||
| 701 |
_aCóias _bNatalina _f1972 _9349 |
||
| 801 | 0 |
_aPT _bBMVN _gRPC |
|
| 830 |
_cAna Caetano _d22/01/2026 |
||
| 856 | 4 | 1 | _uhttp://rnod.bnportugal.gov.pt/ImagesBN/winlibimg.aspx?skey=&doc=2026581&img=128812&save=true |
| 990 | _cLIVROS | ||